000 01528nam a2200349 c 4500
003 BLK
005 20180420224052.0
008 180408b bul|||||r ||||||| ||bul||
010 _aKNG00078816000
020 _a954-509-358-7
_bиздат.: Воен. изд.
040 _aBLK
041 _aBUL
_cBUL
080 _aОбявяване на независимостта на България. Период на Балканските войни (1908-1914)
_b94(497.2)"1908/1914"
_x(0:82-94)
_z94(497.2)"1908/1914"(0:82-94)
080 _aБългарска литература
_b821.163.2
_x-94
_z821.163.2-94
100 1 _aДодов, Никола Сотиров
_eпърви автор
_9296880
700 1 _aКитанов, Александър Кирилов
_eпредг. от
_9296881
139 _aДодов, Никола Сотиров
_bД 70
245 1 0 _aДневник по Балканската война
_cНикола Сотиров Додов; предг. от Александър Кирилов Китанов.
257 _aBGR
260 София
_bВоен. изд.
_c2006
300 _a104 с.
_bс портр.
_c24 см
380 _a9
500 _aБиблиогр. под линия
650 4 _aБалканска война, 1912 - 1913 г. - спомени
_9273150
653 _aБалканска война
653 _aспомени
852 _aЦб 236558
856 4 _qpdf
_u
856 4 _qpdf
_u
942 _cKNG
_n0
944 _aCR
_c02.11.2007
_kНаталия_Медовщикова
944 _aED
_c22.10.2008
_k
999 _c74415
_d74415